000 00634nam a2200205Ia 4500
005 20260121110048.0
008 008 260114s9999 xx 000 0 hin d
020 _a9788132351139
037 _aEBOOK
040 _aCRL
_bhin
_cCRL
041 _ahin
_2hin
084 _qCRL
100 _aसरोज गुप्ता / Saroj Gupta
_9941566
245 0 _aनाभिकीय भौतिकी / Naabikiya Bhoutiki
260 _bभाषा प्रकाशन / Bhasha Prakashan
_c2020
856 _uhttps://bhashaprakashan.com/product-details/378454
942 _cEBOOK
999 _c1533231
_d1533231